[Event "Voronezh op-B 23rd"]
[Site "Voronezh"]
[Date "2019.06.14"]
[Round "3"]
[White "Nesterov, Andrey"]
[Black "Suleymanov, Emirlan"]
[Result "1/2-1/2"]
[WhiteElo "2030"]
[BlackElo "1656"]
[PlyCount "157"]
[EventDate "2019.06.12"]
[EventType "swiss"]
[EventRounds "9"]
[EventCountry "RUS"]
[SourceTitle "EXT 2020"]
[Source "ChessBase"]
[SourceDate "2019.10.17"]
[SourceVersion "1"]
[SourceVersionDate "2019.10.17"]
[SourceQuality "1"]

1. d4 Nf6 2. c4 g6 3. g3 Bg7 4. Bg2 d6 5. Nc3 0-0 6. Nf3 Nbd7 7. 0-0 e5 8. h3 Re8 9. Re1 c6 10. e4 Qa5 11. Rb1 exd4 12. Nxd4 Ne5 13. Bf1 Qc5 14. Nc2 Nxc4 15. Na4 Qa5 16. b3 Ne5 17. f4 Ned7 18. Bg2 Qc7 19. Ba3 c5 20. Nc3 a6 21. Ne3 Rb8 22. Qd3 b5 23. Ncd5 Nxd5 24. Nxd5 Qa5 25. b4 Qd8 26. Bb2 c4 27. Qd2 Bxb2 28. Qxb2 Bb7 29. Rbd1 Bxd5 30. Rxd5 Qb6+ 31. Kh2 Rbd8 32. Red1 Nf8 33. Qd2 Ne6 34. g4 c3 35. Qc1 Qf2 36. Rf1 Qb2 37. f5 Qxc1 38. Rxc1 Nf4 39. Rdd1 Nxg2 40. Kxg2 Rxe4 41. fxg6 hxg6 42. Rxc3 Rxb4 43. Ra3 d5 44. Rxa6 d4 45. Rd3 Rc4 46. Kf2 Rc3 47. Ke2 Re8+ 48. Kd2 Rxd3+ 49. Kxd3 Re3+ 50. Kxd4 Rxh3 51. Ke4 Rh1 52. Kf4 Kg7 53. Ra7 Ra1 54. Rb7 Rxa2 55. Rxb5 Ra4+ 56. Kf3 Rd4 57. Rb7 g5 58. Ra7 Rf4+ 59. Kg3 Kg6 60. Ra6+ Rf6 61. Ra3 Rd6 62. Rf3 f6 63. Ra3 f5 64. gxf5+ Kxf5 65. Ra5+ Kg6 66. Ra3 Kh5 67. Rb3 Rd1 68. Kg2 Kh4 69. Kh2 Rd2+ 70. Kg1 g4 71. Ra3 Rd4 72. Rb3 Rf4 73. Ra3 g3 74. Ra8 Kg4 75. Kg2 Rf2+ 76. Kg1 Rf4 77. Kg2 Rb4 78. Rg8+ Kh4 79. Rh8+ 1/2-1/2

[Event "Sochi Amateur op 6th"]
[Site "Sochi"]
[Date "2019.04.08"]
[Round "2"]
[White "Suleymanov, Emirlan"]
[Black "Vastrukhin, Oleg"]
[Result "0-1"]
[WhiteElo "1832"]
[BlackElo "2413"]
[PlyCount "112"]
[EventDate "2019.04.07"]
[EventType "swiss"]
[EventRounds "9"]
[EventCountry "RUS"]
[SourceTitle "CBM 189 Extra"]
[Source "ChessBase"]
[SourceDate "2019.06.03"]
[SourceVersion "1"]
[SourceVersionDate "2019.06.03"]
[SourceQuality "1"]

1. e4 g6 2. d4 Bg7 3. Nc3 c6 4. Nf3 d5 5. Bd3 Bg4 6. Be3 dxe4 7. Nxe4 Nd7 8. h3 Bxf3 9. Qxf3 Ngf6 10. Nxf6+ Nxf6 11. c3 0-0 12. 0-0 Qd5 13. Qxd5 Nxd5 14. Bd2 e6 15. Rad1 b5 16. Be2 a5 17. b3 Rfd8 18. Bf3 Ra6 19. a3 a4 20. Bxd5 cxd5 21. b4 Rc6 22. Rc1 f6 23. Rc2 e5 24. Rfc1 Rdc8 25. Be3 Rc4 26. Kf1 Kf7 27. Ke2 Ke6 28. Kd3 h5 29. h4 e4+ 30. Kd2 Bf8 31. g3 Bd6 32. Ke2 R4c7 33. Kd2 Kf5 34. Ke2 g5 35. hxg5 fxg5 36. Kd2 h4 37. gxh4 gxh4 38. Rh1 Rh7 39. Rcc1 h3 40. Rcg1 h2 41. Rg5+ Ke6 42. Rg6+ Kd7 43. Rg5 Kc6 44. Rg6 Rf8 45. Rg4 Rff7 46. Ke2 Rfg7 47. Rxg7 Rxg7 48. Kf1 Kd7 49. Bd2 Ke6 50. Be3 Kf5 51. Bd2 Kg4 52. Ke2 Kh3 53. Kf1 Rf7 54. Bc1 Rf3 55. Be3 Bf4 56. Bxf4 Rxf4 0-1

[Event "Sochi ChessAmateur op10"]
[Site "Sochi"]
[Date "2018.10.15"]
[Round "5"]
[White "Kuryshkin, Anatoliy"]
[Black "Suleymanov, Emirlan"]
[Result "0-1"]
[WhiteElo "1932"]
[BlackElo "1728"]
[PlyCount "56"]
[EventDate "2018.10.12"]
[EventType "swiss"]
[EventRounds "9"]
[EventCountry "RUS"]
[SourceTitle "CBM 187 Extra"]
[Source "ChessBase"]
[SourceDate "2018.11.04"]
[SourceVersion "1"]
[SourceVersionDate "2018.11.04"]
[SourceQuality "1"]

1. e4 e5 2. Bc4 Nf6 3. Nf3 Nc6 4. 0-0 Bc5 5. d4 Bxd4 6. Nxd4 Nxd4 7. f4 d6 8. fxe5 dxe5 9. Bg5 Qe7 10. Nc3 Be6 11. Nd5 Bxd5 12. exd5 Qc5 13. Qd3 Nf3+ 14. Kh1 Nxg5 15. Rf5 Nge4 16. Rxe5+ Kf8 17. Rxe4 Nxe4 18. Qxe4 Re8 19. Qd3 Qf2 20. g3 Re1+ 21. Rxe1 Qxe1+ 22. Kg2 Qe7 23. Qd4 b6 24. a4 h5 25. a5 h4 26. a6 hxg3 27. hxg3 Qd7 28. g4 Qd6 0-1

[Event "Sochi ChessAmateur op10"]
[Site "Sochi"]
[Date "2018.10.13"]
[Round "3"]
[White "Lopatik, Nikita"]
[Black "Suleymanov, Emirlan"]
[Result "1-0"]
[WhiteElo "2050"]
[BlackElo "1728"]
[PlyCount "89"]
[EventDate "2018.10.12"]
[EventType "swiss"]
[EventRounds "9"]
[EventCountry "RUS"]
[SourceTitle "CBM 187 Extra"]
[Source "ChessBase"]
[SourceDate "2018.11.04"]
[SourceVersion "1"]
[SourceVersionDate "2018.11.04"]
[SourceQuality "1"]

1. e4 e5 2. Nf3 Nc6 3. Bb5 a6 4. Ba4 d6 5. 0-0 g6 6. d4 Bd7 7. Bxc6 Bxc6 8. dxe5 Bg7 9. exd6 Qxd6 10. Qxd6 cxd6 11. Re1 Ne7 12. c3 0-0-0 13. Bg5 f6 14. Bf4 Be8 15. Na3 Bf7 16. Nd2 g5 17. Be3 d5 18. exd5 Nxd5 19. Bd4 Rhe8 20. Ne4 Bg6 21. Nxg5 Bh6 22. Ne6 Rd6 23. Nc5 b5 24. Rxe8+ Bxe8 25. Rd1 Bh5 26. f3 Ne3 27. Re1 Nf5 28. Ne4 Re6 29. Bxf6 Nd6 30. Nxd6+ Rxd6 31. Bd4 Bg6 32. Kf2 Kd7 33. g3 Re6 34. Rd1 Kc6 35. b4 Bf8 36. Nb1 Bc2 37. Rc1 Bd3 38. Be3 Bg7 39. Nd2 Bg6 40. Nb3 Rd6 41. c4 bxc4 42. Rxc4+ Kb5 43. Rc5+ Kxb4 44. Rc7 Bf6 45. Bc5+ 1-0